La trama de los textos: problemas de la enseñanza de la literatura

Gardado en:
Detalles Bibliográficos
Autor Principal: Bombini, Gustavo (Author)
Formato: Libro
Idioma:Lingua castelá
Publicado: Buenos Aires Lugar 2005
Series:Colección Relecturas
Subjects:
Tags: Engadir etiqueta
Sen Etiquetas, Sexa o primeiro en etiquetar este rexistro!

MARC

LEADER 00000cam a2200000 a 4500
001 UCF7256
003 CL-VaPUC
008 130613e20050000AG |||||||||||||||||spa|d
020 |a 9789508922281 
082 0 4 |a 809.0071  |b BOM  |2 21 
100 0 |a Bombini, Gustavo  |e author  |9 569260 
245 1 3 |a La trama de los textos: problemas de la enseñanza de la literatura 
300 |a 130 p 
942 |c BK 
945 |d 20130613 00:00:00  |a dcastane 
260 |a Buenos Aires  |b Lugar  |c 2005 
650 0 |a Enseñanza de la literatura  |9 283372 
650 0 |a Ensayos  |9 268724 
650 0 |a Educación lingüística  |9 306506 
583 |a last modification  |c 20130613 14:21:00  |k Rodrigo Vera 
490 0 |a Colección Relecturas 
999 |c 352147  |d 352145 
952 |0 0  |1 0  |4 0  |6 809_007100000000000_BOM_2005  |7 0  |8 A  |9 456699  |a BIBEDU  |b BIBEDU  |d 2019-11-22  |i 4980301  |l 1  |o 809.0071 BOM 2005  |p 4980301  |r 2024-04-04  |s 2024-03-14  |w 2019-11-22  |y BK  |k LIT